Statistics for Morocco Players Biggest Transfers

Click here to take the quiz!

General Stats

  • This quiz has been taken 39 times
  • The average score is 56 of 184

Answer Stats

PlayerFromJoined% Correct
RBAchraf Hakimi21/22Inter MilanParis Saint-Germain
100%
RBAchraf Hakimi20/21Real MadridInter Milan
100%
AMHakim Ziyech20/21AjaxChelsea
97%
AMHakim Ziyech14/15HeerenveenTwente
97%
AMHakim Ziyech16/17TwenteAjax
97%
RWNordi Amrabat10/11PSVKayserispor
94%
RWNordi Amrabat08/09VVV-VenloPSV
94%
RWNordi Amrabat15/16GalatasarayMalaga
94%
RWNordi Amrabat15/16MalagaWatford
94%
RWNordi Amrabat18/19WatfordAl-Nassr
94%
RWNordi Amrabat14/15GalatasarayMalaga
94%
RWNordi Amrabat12/13KayserisporGalatasaray
94%
DMSofyan Amrabat18/19FeyenoordClub Brugge
94%
DMSofyan Amrabat19/20Club BruggeHellas Verona
94%
DMSofyan Amrabat17/18UtrechtFeyenoord
94%
DMSofyan Amrabat23/24FiorentinaManchester United
94%
DMSofyan Amrabat19/20Hellas VeronaFiorentina
94%
GKYassine Bounou20/21GironSevilla
91%
GKYassine Bounou23/24SevillaAl-Hilal
91%
CBMedhi Benatia14/15RomaBayern Munich
80%
CBMedhi Benatia16/17Bayern MunichJuventus
80%
CBMedhi Benatia18/19JuventusAl-Duhail
80%
CBMedhi Benatia17/18Bayern MunichJuventus
80%
CBMedhi Benatia13/14UdineseRoma
80%
STYoussef En-Nesyri19/20LeganesSevilla
74%
STYoussef En-Nesyri18/19MalagaLeganes
74%
CBNayef Aguerd20/21DijonRennes
69%
CBNayef Aguerd18/19FUS RabatDijon
69%
CBNayef Aguerd22/23RennesWest Ham United
69%
LWSofian Boufal14/15AngersLille
69%
LWSofian Boufal16/17LilleSouthampton
69%
LWSofian Boufal22/23AngersAl-Rayyan
69%
CMAzzedine Ounahi22/23AngersMarseille
51%
AMAmine Harit23/24SchalkeMarseille
46%
AMAmine Harit17/18NantesSchalke
46%
STMunir El Haddadi18/19BarcelonaSevilla
46%
AMYounes Belhanda13/14MontpellierDynamo Kyiv
46%
AMYounes Belhanda17/18Dynamo KyivGalatasaray
46%
CBRomain Saiss23/24BesiktasAl-Sadd
43%
CBRomain Saiss16/17AngersWolverhampton Wanderers
43%
LWAbde Ezzalzouli23/24BarcelonaReal Betis
40%
LWAbde Ezzalzouli21/22HerculesBarcelona
40%
RWAmine Adli21/22ToulouseBayer Leverkusen
40%
AMMoubarak Boussoufa06/07GentAnderlecht
40%
AMMoubarak Boussoufa02/03AjaxChelsea
40%
AMMoubarak Boussoufa10/11AnderlechtAnzhi Makhachkala
40%
AMMoubarak Boussoufa13/14Anzhi MakhachkalaLokomotiv Moscow
40%
CMImran Louza21/22NantesWatford
34%
STWalid Cheddira23/24BariNapoli
34%
STWalid Cheddira22/23ParmaBari
34%
AMAbdelhamid Sabiri22/23SampdoriaFiorentina
31%
AMAbdelhamid Sabiri17/18NurembergHuddersfield Town
31%
AMAbdelhamid Sabiri22/23AscoliSampdoria
31%
STAbderrazak Hamdallah12/13SafiAalesund
31%
STAbderrazak Hamdallah18/19Al-RayyanAl-Nassr
31%
STAbderrazak Hamdallah13/14AalesundGuangzhou R&F
31%
CMAdel Taarabt10/11Tottenham HotspurQueens Park Rangers
31%
CMAdel Taarabt07/08LensTottenham Hotspur
31%
CMFaycal Fajr19/20CaenGetafe
31%
CMFaycal Fajr18/19GetafeCaen
31%
CBJawad El Yamiq23/24Real ValladolidAl-Wehda
31%
AMMustapha Hadji97/98Sporting CPDeportivo La Coruna
31%
AMMustapha Hadji99/00Deportivo La CorunaCoventry City
31%
AMMustapha Hadji01/02Coventry CityAston Villa
31%
CBNoureddine Naybet04/05Deportivo La CorunaTottenham Hotspur
31%
CBNoureddine Naybet96/97Sporting CPDeportivo La Coruna
31%
STYoussouf Hadji11/12NancyRennes
31%
STYoussouf Hadji05/06BastiaRennes
31%
STYoussouf Hadji06/07RennesNancy
31%
STYoussouf Hadji12/13RennesAl-Arabi
31%
STMarouane Chamakh13/14ArsenalCrystal Palace
29%
LWOussama Idrissi20/21AZ AlkmaarSevilla
29%
LWOussama Idrissi17/18GroningenAZ Alkmaar
29%
CBAchraf Dari22/23Wydad CasablancaBrest
26%
LWIbrahim Salah22/23GentRennes
26%
RWNabil Dirar17/18MonacoFenerbahce
26%
RWNabil Dirar11/12Club BruggeMonaco
26%
RWNabil Dirar08/09WesterloClub Brugge
26%
AMSelim Amallah19/20MouscronStandard Liege
26%
AMSelim Amallah22/23Standard LiegeReal Valladolid
26%
AMYounes Taha23/24PEC ZwolleTwente
26%
RWZakaria Aboukhlal19/20PSVAZ Alkmaar
26%
RWZakaria Aboukhlal22/23AZ AlkmaarToulouse
26%
CBAdam Masina22/23WatfordUdinese
23%
CBAdam Masina18/19BolognaWatford
23%
STAyoub El Kaabi17/18Racing CasablancaRenaissance de Berkane
23%
STAyoub El Kaabi18/19Renaissance de BerkaneHebei China Fortune
23%
CBBadr Benoun22/23El AhlyQatar SC
23%
CBBadr Benoun20/21Raja CasablancaEl Ahly
23%
CBManuel da Costa09/10FiorentinaWest Ham United
23%
CBManuel da Costa07/08PSVFiorentina
23%
CBManuel da Costa15/16SivassporOlympiacos
23%
CBManuel da Costa06/07NancyPSV
23%
CBManuel da Costa11/12West Ham UnitedLokomotiv Moscow
23%
CBManuel da Costa18/19Istanbul BasaksehirAl-Ittihad
23%
CBManuel da Costa13/14Lokomotiv MoscowSivasspor
23%
STYoussef El Arabi12/13Al-HilalGranada
23%
STYoussef El Arabi11/12CaenAl-Hilal
23%
AMAmine Bassi22/23MetzHouston Dynamo
20%
LWAnass Zaroury22/23CharleroiBurnley
20%
DMKarim El Ahmadi12/13FeyenoordAston Villa
20%
DMKarim El Ahmadi08/09TwenteFeyenoord
20%
AMOmar El Kaddouri12/13BresciaNapoli
20%
AMOmar El Kaddouri16/17NapoliEmpoli
20%
AMOmar El Kaddouri17/18EmpoliPAOK
20%
LWOussama Assaidi09/10De GraafschapHeerenveen
20%
LWOussama Assaidi14/15LiverpoolAl-Ahli (UAE)
20%
LWOussama Assaidi12/13HeerenveenLiverpool
20%
AMAbdelaziz Barrada16/17MarseilleAl-Nasr
17%
AMAbdelaziz Barrada14/15Al-JaziraMarseille
17%
AMAbdelaziz Barrada13/14GetafeAl-Jazira
17%
CMAmir Richardson22/23Le HavreReims
17%
LBHamza Mendyl18/19LilleSchalke
17%
AMZakaria Labyad18/19UtrechtAjax
17%
LWAchraf Bencharki17/18Wydad CasablancaAl-Hilal
14%
LBAchraf Lazaar16/17PalermoNewcastle United
14%
AMHachim Mastour12/13ReggianaMilan
14%
STKhalid Boutaib18/19Yeni MalatyasporZamalek
14%
STSalaheddine Bassir97/98Al-HilalDeportivo La Coruna
14%
LWSoufiane Rahimi21/22Raja CasablancaAl-Ain
14%
CMYoussef Maleh23/24FiorentinaLecce
14%
CMHoussine Kharja08/09PiacenzaSiena
11%
CMHoussine Kharja09/10SienaGenoa
11%
CMHoussine Kharja11/12GenoaFiorentina
11%
RWMehdi Carcela-Gonzalez11/12Standard LiegeAnzhi Makhachkala
11%
RWMehdi Carcela-Gonzalez13/14Anzhi MakhachkalaStandard Liege
11%
RWMehdi Carcela-Gonzalez18/19GranadaStandard Liege
11%
RWMehdi Carcela-Gonzalez15/16Standard LiegeBenfica
11%
RWMehdi Carcela-Gonzalez16/17BenficaGranada
11%
RWMohamed Ounajem19/20Wydad CasablancaZamalek
11%
STMounir El Hamdaoui07/08Willem IIAZ Alkmaar
11%
STMounir El Hamdaoui10/11AZ AlkmaarAjax
11%
DMOussama El Azzouzi23/24Union Saint-GilloiseBologna
11%
STRyan Mmaee23/24FerencvarosStoke City
11%
CBZouhair Feddal17/18AlavesReal Betis
11%
CBZouhair Feddal20/21Real BetisSporting CP
11%
CMAbdou Harroui23/24SassuoloFrosinone
9%
CMAbdou Harroui22/23Sparta RotterdamSassuolo
9%
CMBenjamin Bouchouari22/23RodaSaint-Etienne
9%
RWReda Slim23/24FAR RabatEl Ahly
9%
CBTalal El Karkouri04/05Paris Saint-GermainCharlton Athletic
9%
STWalid Azaro17/18Difaa El JadidaEl Ahly
9%
CMWalid El Karti21/22Wydad CasablancaPyramids
9%
STYacine Bammou18/19NantesCaen
9%
DMYoussef Ait Bennasser16/17NancyMonaco
9%
DMYoussef Safri07/08Norwich CitySouthampton
9%
CBAbdelhamid El Kaoutari15/16MontpellierPalermo
6%
STHamid Ahadad18/19Difaa El JadidaZamalek
6%
STKhalid Hachadi19/20KhouribgaVitoria Setubal
6%
DMMehdi Bourabia18/19KonyasporSassuolo
6%
DMMehdi Bourabia22/23SassuoloSpezia
6%
DMMehdi Moubarik22/23FUS RabatAl-Ain
6%
RWMohammed Fouzair17/18FUS RabatAl-Nassr
6%
CMMounir Obbadi12/13TroyesMonaco
6%
AMOussama Tannane15/16Heracles AlmeloSaint-Etienne
6%
RBAbdelilah Saber00/01Sporting CPNapoli
3%
DMAdil Hermach11/12LensAl-Hilal
3%
LWAdnane Tighadouini15/16NAC BredaMalaga
3%
LWAyoub Assal22/23AFC WimbledonAl-Wakrah
3%
CBIsmael Kandouss23/24Union Saint-GilloiseGent
3%
AMKamel Chafni07/08AjaccioAuxerre
3%
AMNourdin Boukhari08/09Sparta RotterdamAl-Ittihad
3%
LMSofian Kiyine22/23LazioLeuven
3%
LMSofian Kiyine19/20Chievo VeronaLazio
3%
STSoufiane Alloudi07/08Raja CasablancaAl-Ain
3%
RWTarik Sektioui06/07AZ AlkmaarPorto
3%
AMYassine Benrahou20/21BordeauxNimes
3%
RMZakaria El Ouahdi23/24MolenbeekGenk
3%
RWAbdelkrim Jinani97/98Raja CasablancaRennes
0%
AMAbderrahim Ouakili99/001860 MunichTennis Borussia Berlin
0%
LMAdil Ramzi07/08RodaAl-Wakrah
0%
STAli Elkhattabi01/02Sparta RotterdamAZ Alkmaar
0%
RWBilal Ould-Chikh15/16TwenteBenfica
0%
AMIliass Bel Hassani16/17Heracles AlmeloAZ Alkmaar
0%
AMIsmail Aissati13/14AntalyasporTerek Grozny
0%
AMIsmail Aissati08/09PSVAjax
0%
CMIsmail H'Maidat15/16BresciaRoma
0%
RWMohsine Moutaouali14/15Raja CasablancaAl-Wakrah
0%
RWNabil Jaadi14/15AnderlechtUdinese
0%
CMNaim Byar23/24ReimsBologna
0%
LMTarik Oulida95/96AjaxSevilla
0%
STYacine Qasmi19/20ElcheRayo Vallecano
0%
RBYassine Jebbour13/14RennesMontpellier
0%
LWYouness Mokhtar15/16TwenteAl-Nassr
0%

Score Distribution

Percentile by Number Answered

Percent of People with Each Score

Your Score History

You have not taken this quiz